PARK'S TB OF PREVENTIVE & SOCIOLOGY MEDICINE (Record no. 6773)

MARC details
000 -LEADER
fixed length control field 00346nam a2200133Ia 4500
008 - FIXED-LENGTH DATA ELEMENTS--GENERAL INFORMATION
fixed length control field 150301s2013 xx 000 0 und d
082 ## - DEWEY DECIMAL CLASSIFICATION NUMBER
Classification number 614.44
Item number P13P
100 ## - MAIN ENTRY--PERSONAL NAME
Personal name PARK, K
245 ## - TITLE STATEMENT
Title PARK'S TB OF PREVENTIVE & SOCIOLOGY MEDICINE
260 ## - PUBLICATION, DISTRIBUTION, ETC. (IMPRINT)
Name of publisher, distributor, etc. BHARAT PUB.
Date of publication, distribution, etc. 2013
300 ## - PHYSICAL DESCRIPTION
Extent 876
650 ## - SUBJECT ADDED ENTRY--TOPICAL TERM
Topical term or geographic name as entry element PREVENTIVE & SOCIAL MEDICINE
942 ## - ADDED ENTRY ELEMENTS (KOHA)
Source of classification or shelving scheme Dewey Decimal Classification
Koha item type Books
Koha issues (borrowed), all copies 4
Holdings
Withdrawn status Lost status Source of classification or shelving scheme Damaged status Not for loan Collection code Home library Current library Shelving location Date acquired Source of acquisition Cost, normal purchase price SGTU Total Checkouts Full call number Barcode Date last seen Date last checked out Bill Date Koha item type
    Dewey Decimal Classification     NURSING SGT Medical Library SGT Medical Library Text Book 02/07/2015 KBD 950.00 SGTU 27 614.44 P13P FN2551 09/09/2025 19/08/2025 02/07/2015 Books
    Dewey Decimal Classification     NURSING SGT Medical Library SGT Medical Library Text Book 02/07/2015 KBD 950.00 SGTU 10 614.44 P13P FN2552 20/01/2025 15/01/2025 02/07/2015 Books